000 00586nam a2200229Ia 4500
003 OSt
005 20220928112055.0
006 a|||||r|||| 00| 0
007 ta
008 220927b |||||||| |||| 00| 0 eng d
024 _a50427
037 _cTextual
040 _aSDCL
_cSDCL
_beng
041 _2eng
_aeng
082 _aR3xM891:g, L5
100 _aHudson Donald
_9426150
245 0 _aWittgenstein
260 _aLondon
_bMacmillan Press
_c1975
300 _aix,206p.
_ccm.
942 _hR3xM891:g, L5
_cTEXL
_2CC
999 _c743144
_d743144